Politics and trade cooperation in the nineteenth century : the "agreeable customs" of 1815-1914 (Record no. 39474)

MARC details
000 -LEADER
fixed length control field 00782nam a2200229Ia 4500
008 - FIXED-LENGTH DATA ELEMENTS--GENERAL INFORMATION
fixed length control field 191130s2008##################000#0#eng##
020 ## - INTERNATIONAL STANDARD BOOK NUMBER
International Standard Book Number 9780521872744
022 ## - INTERNATIONAL STANDARD SERIAL NUMBER
International Standard Serial Number 2007024346
040 ## - CATALOGING SOURCE
Original cataloging agency ACL
Transcribing agency ACL
082 ## - DEWEY DECIMAL CLASSIFICATION NUMBER
Classification number 382.09034 PAH
100 ## - MAIN ENTRY--PERSONAL NAME
Personal name Pahre, Robert
245 ## - TITLE STATEMENT
Title Politics and trade cooperation in the nineteenth century : the "agreeable customs" of 1815-1914
Statement of responsibility, etc. Robert Pahre
250 ## - EDITION STATEMENT
Edition statement 1st ed
260 ## - PUBLICATION, DISTRIBUTION, ETC.
Place of publication, distribution, etc. Cambridge
Name of publisher, distributor, etc. Cambridge University Press
Date of publication, distribution, etc. 2008
300 ## - PHYSICAL DESCRIPTION
Extent xvii, 426 p. : ill. ; 24 cm
500 ## - GENERAL NOTE
General note Includes bibliographical references and index
650 ## - SUBJECT ADDED ENTRY--TOPICAL TERM
Topical term or geographic name entry element International trade - History - 19th century
Topical term or geographic name entry element International trade - History - 20th century
990 ## - EQUIVALENCES OR CROSS-REFERENCES [LOCAL, CANADA]
Link information for 9XX fields 4a6a0342ac10000c7ce67684e82cc8bb
991 ## -
-- 293142
Holdings
Withdrawn status Lost status Materials specified (bound volume or other part) Damaged status Not for loan Home library Current library Shelving location Date acquired Total Checkouts Full call number Barcode Date last seen Price effective from Koha item type
    hbk     Anna Centenary Library Anna Centenary Library 4TH FLOOR, B WING 09.10.2020   382.09034 PAH 103863 09.10.2020 09.10.2020 English Books

Find us on the map